LEADER 01234nam1 2200385 450 001 990001204610203316 005 20091007112441.0 010 $a84-7130-939-4 035 $a000120461 035 $aUSA01000120461 035 $a(ALEPH)000120461USA01 035 $a000120461 100 $a20031020d2002----km-y0enga50------ba 101 $aspa 102 $aES 105 $a||||||||001yy 200 1 $aComentarios al codigo penal$fdirigidos por: Manuel Cobo del Rosal 210 $aMadrid$cEdersa$d[2002] 215 $av.$d25 cm 463 \1$1001990002403030203316$12001 $a<<5>> : Homicidio. Lesiones. Aborto y Manipulacion genética$earticulos 138 a 162 606 0 $aCodice penale$ySpagna 676 $a345.46002632 702 1$aCOBO DEL ROSAL,$bManuel 801 0$aIT$bsalbc$gISBD 912 $a990001204610203316 951 $aXXVI.1.D. 127 5 (CODEX 1018)$bG.$cCODEX 1018 959 $aBK 969 $aGIU 979 $aALINA$b10$c20031020$lUSA01$h1218 979 $aPATRY$b90$c20040406$lUSA01$h1726 979 $aMARIASEN$b90$c20050224$lUSA01$h1633 979 $aMARIASEN$b90$c20050224$lUSA01$h1634 979 $aRSIAV4$b90$c20091007$lUSA01$h1124 996 $aComentarios al codigo penal$9986048 997 $aUNISA